| 000 | 01498nmm a2200481 a 4500 | ||
|---|---|---|---|
| 003 | AR-BaBNM | ||
| 005 | 20251128211750.0 | ||
| 008 | 236020sc200 ||||||||||||||000 | spa|| | ||
| 020 | _a84-205-4162-1 | ||
| 040 | _cAR-BaBNM | ||
| 245 | 1 | 0 | _aNuevas tecnologías y educación |
| 260 |
_aMadrid _bPearson-Prentice Hall _cc2004 |
||
| 300 | 0 | _a240 p. | |
| 504 | _aContiene referencias bibliográficas al final de cada capítulo | ||
| 650 | 4 | _aALFABETIZACION | |
| 650 | 4 | _aENSENANZA UNIVERSITARIA | |
| 650 | 4 | _aTECNOLOGIA EDUCATIVA | |
| 653 | 0 | _aNUEVAS TECNOLOGIAS | |
| 653 | 0 | _aPROBLEMAS EDUCATIVOS | |
| 653 | 0 | _aEDUCACION SUPERIOR | |
| 653 | 0 | _aEDUCACION VIRTUAL | |
| 700 | 1 |
_aMartínez Sánchez, Francisco _ecoordinador |
|
| 700 | 1 |
_aPrendes Espinosa, María Paz _ecoordinador |
|
| 700 | 1 | _aArea Moreira, Manuel | |
| 700 | 1 | _aBartolomé, Antonio | |
| 700 | 1 | _aCabero Almenara, Julio | |
| 700 | 1 | _aCebrián de la Serna, Manuel | |
| 700 | 1 | _aDir, Peter J. | |
| 700 | 1 | _aDorrego, Elena | |
| 700 | 1 | _aEscudero Muñoz, Juan Manuel | |
| 700 | 1 | _aGonzález Soto, Angel-Pío | |
| 700 | 1 | _aKerckhove, Derrick de | |
| 700 | 1 | _aPons, Juan de Pablos | |
| 700 | 1 | _aRíoz Ariza, José Manuel | |
| 700 | 1 | _aRomero Medina, Agustín | |
| 700 | 1 | _aSalinas, Jesús | |
| 700 | 1 | _aSilvio, José | |
| 700 | 1 | _aVillar Angulo, Luis Miguel | |
| 700 | 1 | _aViñao Frago, Antonio | |
| 700 | 1 |
_aRodríguez Diéguez, José Luis _eprologuista |
|
| 942 | _cBK | ||
| 998 | _cme-solo cat | ||
| 999 |
_c21020 _d21020 |
||